| 000 | 00815cam a22002652 4500 | ||
|---|---|---|---|
| 001 | 15761 | ||
| 003 | UkOxU | ||
| 005 | 20211208235900.0 | ||
| 008 | 140210s1994 ii a 001 0 eng d | ||
| 020 | _a0074620436 | ||
| 035 |
_aOCLC ocm16209390 from D970809M _a(BD-RjUL)15816 |
||
| 040 |
_aUKM _cUKM _dOCL _dBD-RjUL _beng |
||
| 041 | _aeng | ||
| 082 | 0 |
_a631.4 _223 _bBIT 2004 |
|
| 100 | 1 |
_aBiswas, T D _948892 |
|
| 245 | 1 | 2 |
_aA textbook of soil science / _bT D Biswas, S K Mukherjee |
| 250 | _a2nd ed., Indian Reprint ed. | ||
| 260 |
_aNew delhi : _bTata McGraw -hill publishing com. Ltd., _cc1994 [reprinted 2004]. |
||
| 300 |
_axi, 433p. : _bill. ; _c22 cm. |
||
| 500 | _aIncludes index. | ||
| 504 | _aBibliography: p. 351-364. | ||
| 650 | 0 |
_asoil science _948893 |
|
| 942 |
_2ddc _cBK _01 |
||
| 999 |
_c15761 _d15761 |
||